• Cataluña (España)

di Geographic Name

Records bibliografici associati: 1

001 - CONTROL NUMBER

  • control field: 41232

003 - CONTROL NUMBER IDENTIFIER

  • control field: IT-RoINE

005 - DATE AND TIME OF LATEST TRANSACTION

  • control field: 20171030110955.0

008 - FIXED-LENGTH DATA ELEMENTS

  • fixed length control field: 171030|| aca||aabn | a|a d

040 ## - CATALOGING SOURCE

  • Original cataloging agency: IT-RoINE
  • Transcribing agency: IT-RoINE

151 ## - HEADING--GEOGRAPHIC NAME

  • Geographic name: Cataluña (España)
  • General subdivision: Historia
  • Chronological subdivision: Siglos 13o.-14o.

670 ## - SOURCE DATA FOUND

  • Source citation: Work cat.: (IT-RoINE)0: Folch, Artemi, 1908-1979 41230, Santes Creus, panteó reial /, c1967.